000 00680nam a2200229 a 4500
999 _c3584
_d3584
001 3584
003 BD-JhCC
005 20220622134024.0
008 171115s2001 bg |||| |||| 00| 0 ben d
020 _a9844120586
035 _a(BD-JhCC)3584
040 _aBD-JhCC
_dBD-JhCC
041 _aben
082 _a891.4415
_bOBI 2001
100 _aওবায়দুল্লাহ, আবু জাফর
245 _aকবিতাসমগ্র /
_cআবু জাফর ওবায়দুল্লাহ
260 _aঢাকা :
_bঅনন্যা,
_c2001.
300 _a179 p. :
_c22 cm.
650 _aCollection of Poem
942 _2ddc
_cBK
_03